[Event "RUS-chT Blitz"]
[Site "Sochi"]
[Date "2021.10.14"]
[Round "9.1"]
[White "Tsydypov, Zhamsaran"]
[Black "Drygalov, Andrey"]
[Result "1-0"]
[WhiteElo "2526"]
[BlackElo "2508"]
[PlyCount "99"]
[EventDate "2021.10.14"]
[EventType "team-swiss (blitz)"]
[EventRounds "13"]
[EventCountry "RUS"]
[SourceTitle "CBM 204 Extra"]
[Source "ChessBase"]
[SourceDate "2022.09.12"]
[SourceVersion "1"]
[SourceVersionDate "2022.09.12"]
[SourceQuality "1"]
[WhiteTeam "Tatarstan Ladya"]
[BlackTeam "Cheliabinsk Yuzhnyy Ural"]
[WhiteTeamCountry "RUS"]
[BlackTeamCountry "RUS"]

1. b3 d5 2. Bb2 Bf5 3. Nf3 e6 4. g3 Nf6 5. Bg2 Be7 6. O-O h6 7. d3 O-O 8. Nbd2 a5 9. Re1 ({RR} 9. a3 Bh7 10. c4 Nc6 11. cxd5 exd5 12. Rc1 Re8 13. Re1 Bf8 14. Rc2 Nb8 15. Qc1 c5 16. Rxc5 Bxc5 17. Qxc5 Nbd7 18. Qb5 Re6 19. Bh3 Rb6 20. Qa4 Nc5 21. Qd4 Nxb3 22. Nxb3 Rxb3 23. Nd2 Rb5 {Carlsen,M (2832)-Niemann,H (2733) Paris FRA 2024 1-0 (36)}) 9... a4 10. e4 Bh7 ({RR} 10... dxe4 11. dxe4 Bh7 12. Qe2 Nc6 13. Rad1 Qb8 14. Ne5 Nxe5 15. Bxe5 axb3 16. axb3 Ra2 17. Qc4 b5 18. Qc3 Rc8 19. Ra1 Rxa1 20. Rxa1 Qb6 21. h3 Bc5 22. Rf1 Rd8 23. b4 Bd4 24. Qxc7 Qxc7 25. Bxc7 {Rey Martinez,J (2318)-Mikaelyan,A (2495) chess.com INT 2025 1-0 (100)}) 11. exd5 Nxd5 $146 ({RR} 11... exd5 12. Qe2 Nc6 13. Nd4 Nxd4 14. Bxd4 Re8 15. Qf3 Qd7 16. Nf1 c6 17. Ne3 Bg6 18. g4 Bb4 19. Rf1 Bd6 20. Rae1 Qc7 21. Nf5 Bxh2+ 22. Kh1 Bxf5 23. gxf5 axb3 24. axb3 Rxe1 25. Rxe1 Re8 26. Rxe8+ {Bartel,M (2611)-Vrolijk,L (2480) Reykjavik 2021 ½-½}) 12. a3 axb3 13. Nxb3 Nd7 14. Qd2 Bf6 15. Bxf6 N5xf6 16. Qb4 Ra7 17. Nfd2 b6 18. Nc4 Nd5 19. Qb5 Nc3 20. Qc6 Nb8 21. Qf3 Nd7 22. Nd4 Nb8 23. Nc6 Nxc6 24. Qxc6 Qd4 25. Ne5 Nd5 26. Qd7 Qc5 27. Bxd5 exd5 28. Nc6 Raa8 29. Re2 Rxa3 30. Rxa3 Qxa3 31. Qxc7 Kh8 32. Qxb6 Bf5 33. Kg2 Qc1 34. Nd4 Bg6 35. Qd6 Ra8 36. Nb3 Qd1 37. Qxd5 Rc8 38. Qf3 Kh7 39. Rd2 Qb1 40. Nd4 Qc1 41. Qf4 Re8 42. Re2 Qxf4 43. gxf4 Rd8 44. Nc6 Rc8 45. Ne7 Re8 46. Re3 Bh5 47. c4 Rd8 48. c5 Bg4 49. f5 Bd1 50. c6 1-0

[Event "CZE-chT 2122"]
[Site "Czech Republic"]
[Date "2022.01.30"]
[Round "8.3"]
[White "Harikrishna, Pentala"]
[Black "Dragnev, Valentin"]
[Result "1-0"]
[WhiteElo "2719"]
[BlackElo "2543"]
[PlyCount "87"]
[EventDate "2021.10.15"]
[EventType "team-tourn"]
[EventRounds "15"]
[EventCountry "CZE"]
[SourceTitle "EXT 2023"]
[Source "ChessBase"]
[SourceDate "2022.10.05"]
[SourceVersion "1"]
[SourceVersionDate "2022.10.05"]
[SourceQuality "1"]
[WhiteTeam "Novoborsky"]
[BlackTeam "Brno Duras"]
[WhiteTeamCountry "CZE"]
[BlackTeamCountry "CZE"]

1. e4 e5 2. Nf3 Nf6 3. d3 Nc6 4. g3 g6 5. Bg2 Bg7 6. O-O O-O 7. Nbd2 d5 8. c3 Re8 9. Re1 ({RR} 9. Qc2 a5 10. Re1 h6 11. a4 Be6 12. exd5 Bxd5 13. Ne4 Nxe4 14. dxe4 Be6 15. Be3 b6 16. Rad1 Qe7 17. Bf1 Red8 18. Rxd8+ Nxd8 19. Nd2 Nb7 20. Bc4 Nd6 21. Bxe6 Qxe6 22. c4 c5 23. b3 f5 {Zhuang,K (2108)-Lin,B (2326) chess.com INT 2025 0-1 (40)}) 9... a5 10. a4 ({RR} 10. b3 h6 11. a3 Be6 12. Bb2 dxe4 13. dxe4 Nd7 14. Qc2 Qb8 15. Bf1 Ne7 16. Bc4 Nf8 17. a4 Nc8 18. Bxe6 Rxe6 19. Nc4 Nd6 20. Nxd6 Rxd6 21. Rad1 Rxd1 22. Rxd1 Qe8 23. c4 Nd7 24. Qd2 Nc5 {Zhigalko,A (2572)-Huzman,A (2602) Moscow 2009 ½-½ (60)}) 10... b6 $146 ({RR} 10... Be6 11. exd5 Nxd5 12. Nb3 f6 13. d4 exd4 14. Nbxd4 Nxd4 15. Nxd4 Bf7 16. Rxe8+ Qxe8 17. Nf5 Rd8 18. Nxg7 Kxg7 19. Qf1 Nb6 20. Be3 Bc4 21. Qc1 Nxa4 22. Bh6+ Kg8 23. Qf4 Qf7 24. h4 b5 25. h5 {Mortazavi,A (2333)-Milikow,Y (2422) Chess.com INT 2022 1-0 (36)}) 11. exd5 Nxd5 12. Nc4 Bb7 13. Qb3 Qd7 14. Ng5 h6 15. Ne4 Nce7 16. Bd2 Kh7 17. Rad1 Bc6 18. Ra1 f5 19. Nxe5 Bxe5 20. Ng5+ hxg5 21. Rxe5 Ng8 22. Rxd5 Bxd5 23. Bxd5 c6 24. Bxg8+ Rxg8 25. Bxg5 Rge8 26. Qc4 Re2 27. Be3 Rxb2 28. Qh4+ Kg8 29. Qf6 Qf7 30. Qxc6 Re8 31. c4 Qe6 32. Qb7 Qf7 33. Qc6 Qe6 34. Qc7 Qf6 35. Rc1 Ra2 36. Qxb6 Qxb6 37. Bxb6 Rxa4 38. c5 Rc8 39. d4 Ra2 40. Rd1 Kf7 41. d5 Ke7 42. Re1+ Kf7 43. d6 Ra8 44. Rd1 1-0

[Event "NED-ch KO"]
[Site "Hoogeveen"]
[Date "2021.10.23"]
[Round "3.2"]
[White "Warmerdam, Max"]
[Black "Van den Doel, Erik"]
[Result "1-0"]
[WhiteElo "2595"]
[BlackElo "2604"]
[PlyCount "79"]
[EventDate "2021.10.15"]
[EventType "k.o."]
[EventRounds "3"]
[EventCountry "NED"]
[SourceTitle "EXT 2023"]
[Source "ChessBase"]
[SourceDate "2022.10.05"]
[SourceVersion "1"]
[SourceVersionDate "2022.10.05"]
[SourceQuality "1"]

1. Nf3 d5 2. g3 Bg4 3. Bg2 Nd7 4. h3 Bh5 5. c4 e6 6. d4 c6 7. cxd5 exd5 8. Nc3 Ngf6 9. Ne5 Nxe5 $146 ({RR} 9... Bb4 10. Qb3 Qb6 11. f4 Bg6 12. O-O Nxe5 13. fxe5 Bxc3 14. bxc3 Ne4 15. Bxe4 Bxe4 16. Ba3 Qxb3 17. axb3 Bg6 18. c4 Kd7 19. Bd6 Ke6 20. cxd5+ cxd5 21. Rfc1 Rhd8 22. Rc7 Rd7 23. Rac1 Rad8 24. Kf2 {Mikhalevski,V (2482)-Mannion,S (2135) Maia POR 2024 1-0 (37)}) ({RR} 9... Bg6 10. O-O Qb6 11. Nxd7 Nxd7 12. e4 dxe4 13. Nxe4 Be7 14. d5 Bxe4 15. Bxe4 Nf6 16. Bg2 cxd5 17. Re1 Rd8 18. Be3 d4 19. Qa4+ Kf8 20. Bd2 Qxb2 21. Qd1 Bb4 22. Bxb4+ Qxb4 23. Rb1 Qa3 24. Rxb7 {Berczes,D (2406)-Gombocz,F (2316) Budapest HUN 2025 1-0}) 10. dxe5 Nd7 11. f4 f5 12. Qc2 g6 13. Be3 Qa5 14. Rc1 Be7 15. O-O Nb6 16. Kh2 O-O 17. Rfd1 Rad8 18. Bf2 Kh8 19. a3 Nc4 20. Rd3 g5 21. Na4 h6 22. b3 Nxa3 23. Qb2 Nb5 24. Nc5 Qb6 25. b4 Rf7 26. Kg1 Rg8 27. Ne6 d4 28. Nxd4 Nxd4 29. Bxd4 c5 30. e6+ cxd4 31. exf7 Rd8 32. e3 Bf6 33. Rc5 Bxf7 34. exd4 gxf4 35. gxf4 Qd6 36. Qd2 Bxd4+ 37. Kh1 Bxc5 38. Rxd6 Rxd6 39. Qc3+ Bd4 40. Qc7 1-0

[Event "RUS-chT Rapid"]
[Site "Sochi"]
[Date "2021.10.16"]
[Round "9.2"]
[White "Artemiev, Vladislav"]
[Black "Zakhartsov, Vladimir"]
[Result "1-0"]
[WhiteElo "2699"]
[BlackElo "2514"]
[PlyCount "77"]
[EventDate "2021.10.15"]
[EventType "team-swiss (rapid)"]
[EventRounds "9"]
[EventCountry "RUS"]
[SourceTitle "CBM 204 Extra"]
[Source "ChessBase"]
[SourceDate "2022.09.12"]
[SourceVersion "1"]
[SourceVersionDate "2022.09.12"]
[SourceQuality "1"]
[WhiteTeam "Tatarstan Ladya"]
[BlackTeam "Moscow Severnyy Kharakter"]
[WhiteTeamCountry "RUS"]
[BlackTeamCountry "RUS"]

1. Nf3 c5 2. b3 d5 3. e3 a6 4. Bb2 Nc6 5. d4 cxd4 6. Nxd4 Nf6 7. Nxc6 bxc6 8. Nd2 Bg4 9. Be2 Bxe2 10. Qxe2 e6 11. O-O Be7 12. c4 O-O 13. Rac1 $146 ({RR} 13. Rfd1 Qc7 14. Rac1 a5 15. cxd5 exd5 16. Nf3 Qb7 17. Nd4 Rfc8 18. Nf5 Qd7 19. Qf3 Qe6 20. Rd4 Bf8 21. Rf4 Ne4 22. h4 f6 23. Nd4 Qd7 24. h5 Ng5 25. Qd1 Bd6 26. Rg4 c5 27. Nc2 Qf5 {Szikszai,B (2278)-Kusiak,M (1887) Prague CZE 2024 1-0 (55)}) 13... a5 14. Nf3 Qb6 15. cxd5 cxd5 16. Nd4 Rfc8 17. Qb5 Qxb5 18. Nxb5 Ne4 19. Rxc8+ Rxc8 20. Rc1 Rxc1+ 21. Bxc1 Bb4 22. Kf1 Kf8 23. Bb2 Nd6 24. Nd4 Bc5 25. Ke2 Nb7 26. g4 Ke7 27. Kd3 f6 28. Bc3 Bb6 29. b4 axb4 30. Bxb4+ Kd7 31. f3 e5 32. Nb3 g6 33. e4 Kc6 34. a4 Bc5 35. exd5+ Kxd5 36. Nxc5 Nxc5+ 37. Bxc5 Kxc5 38. Ke4 Kb4 39. Kd5 1-0

[Event "Speed Chess Super Swiss"]
[Site "Chess.com INT"]
[Date "2021.10.16"]
[Round "3"]
[White "Hansen, Eric"]
[Black "Zubov, Alexander"]
[Result "1-0"]
[WhiteElo "2606"]
[BlackElo "2598"]
[PlyCount "121"]
[EventDate "2021.10.16"]
[EventType "swiss (blitz)"]
[EventRounds "15"]
[EventCountry "USA"]
[SourceTitle "CBM 204 Extra"]
[Source "ChessBase"]
[SourceDate "2022.09.12"]
[SourceVersion "1"]
[SourceVersionDate "2022.09.12"]
[SourceQuality "1"]

1. Nf3 Nf6 2. g3 d5 3. Bg2 c6 4. O-O Bg4 5. h3 Bh5 6. d3 e6 7. c4 Nbd7 ({RR} 7... dxc4 8. dxc4 Nbd7 9. Nc3 Qc7 10. Bf4 e5 11. Be3 Bc5 12. Bxc5 Nxc5 13. b4 Ne6 14. Qc1 O-O 15. Nd2 a5 16. a3 axb4 17. axb4 Rxa1 18. Qxa1 Qb6 19. Qb2 Ra8 20. Rc1 Qa6 21. e3 Bg6 22. Nf3 {Eljanov,P (2691)-Sjugirov,S (2703) Chennai IND 2023 0-1 (63)}) 8. Qb3 $146 ({RR} 8. cxd5 exd5 9. Nc3 Bc5 10. Qb3 Nb6 11. Qc2 O-O 12. e4 dxe4 13. dxe4 Nfd7 14. Kh2 f6 15. b3 Re8 16. Bb2 Qc7 17. Nh4 Bf8 18. Nb5 Qb8 19. Nd4 a5 20. f4 a4 21. Kh1 axb3 22. axb3 Rxa1 {Hillarp Persson,T (2542)-Maiorov,N (2504) Lund 2018 1-0 (43)}) ({RR} 8. cxd5 exd5 9. e4 dxe4 10. dxe4 Nc5 11. Nc3 Be7 12. Qxd8+ Rxd8 13. Nh4 O-O 14. Nf5 Rfe8 15. e5 Nfd7 16. Nxe7+ Rxe7 17. g4 Bg6 18. Rd1 f6 19. exf6 gxf6 20. b4 Ne4 21. Bb2 Nxc3 22. Bxc3 Kf7 {Wernberg,N (1893)-Fiskaaen,M (2283) Fagernes NOR 2025 ½-½ (45)}) 8... Nc5 9. Qc2 Be7 10. Be3 Rc8 11. Nbd2 O-O 12. Rfe1 a5 13. Rac1 Re8 14. b3 Ncd7 15. Qb2 Bd6 16. cxd5 exd5 17. Nf1 Qe7 18. Qc2 c5 19. Nh4 Qe6 20. Bd2 b6 21. e4 dxe4 22. dxe4 Be5 23. f4 Bd4+ 24. Kh2 Bf2 25. e5 Bxe1 26. Rxe1 Nd5 27. f5 Qc6 28. Qc4 Nxe5 29. Qxd5 Qxd5 30. Bxd5 Rcd8 31. Bg2 f6 32. g4 Bf7 33. Bc3 Nd3 34. Rxe8+ Rxe8 35. Nd2 Re2 36. Kg1 Re1+ 37. Bf1 Rc1 38. Ne4 Nf4 39. Bd2 Nxh3+ 40. Kg2 Ra1 41. Bc3 Rxa2+ 42. Kxh3 Bxb3 43. g5 Bd5 44. gxf6 Ra3 45. Kg4 Ra4 46. fxg7 Rxe4+ 47. Kg5 Re3 48. Bb2 Rg3+ 49. Kf6 Rg4 50. Ng2 Bxg2 51. Bb5 Rb4 52. Bd7 Bd5 53. Be5 Rg4 54. Ke7 Re4 55. Kf6 c4 56. Be6+ Bxe6 57. fxe6 Re1 58. e7 Rf1+ 59. Ke6 Rf7 60. e8=Q+ Rf8 61. Qxf8# 1-0

[Event "Speed Chess Super Swiss"]
[Site "Chess.com INT"]
[Date "2021.10.16"]
[Round "4"]
[White "Yakubboev, Nodirbek"]
[Black "Hansen, Eric"]
[Result "1-0"]
[WhiteElo "2621"]
[BlackElo "2606"]
[PlyCount "69"]
[EventDate "2021.10.16"]
[EventType "swiss (blitz)"]
[EventRounds "15"]
[EventCountry "USA"]
[SourceTitle "CBM 204 Extra"]
[Source "ChessBase"]
[SourceDate "2022.09.12"]
[SourceVersion "1"]
[SourceVersionDate "2022.09.12"]
[SourceQuality "1"]

1. Nf3 d5 2. h3 c6 ({RR} 2... Nf6 3. e3 e6 4. c4 Bd6 5. b3 O-O 6. Bb2 c5 7. cxd5 exd5 8. d4 Nc6 9. Nbd2 cxd4 10. Nxd4 Nxd4 11. Bxd4 Qe7 12. Bd3 Be5 13. Nf3 Bxd4 14. Nxd4 Bd7 15. O-O Rac8 16. Qd2 Rc7 17. Rac1 {Nakamura,H (2788)-Bluebaum,M (2658) chess.com INT 2024 ½-½ (115)}) ({RR} 2... Nf6 3. d3 c5 4. Nc3 Nc6 5. e4 g6 6. e5 d4 7. exf6 dxc3 8. bxc3 exf6 9. Be2 Be6 10. O-O Bg7 11. d4 cxd4 12. cxd4 f5 13. c3 O-O 14. a4 Rc8 15. Ba3 Re8 16. Rb1 Na5 17. Bb5 {Yakubboev,N (2621)-Mohammad,N (2440) Chess.com INT 2021 1-0 (50)}) 3. d3 $146 ({RR} 3. b3 Bf5 4. Bb2 Nd7 5. e3 e6 6. a3 h6 7. d3 Ngf6 8. Nbd2 Bd6 9. Qe2 e5 10. e4 Bh7 11. g3 Qe7 12. Bg2 O-O 13. O-O Rfe8 14. Rfe1 a5 15. Nh2 Qd8 16. h4 dxe4 17. dxe4 Qc7 {Delebarre,X (2296)-David,V (2260) France 2002 ½-½ (34)}) ({RR} 3. g4 h6 4. Bg2 Nf6 5. d3 Nbd7 6. O-O e6 7. Re1 Bd6 8. e4 dxe4 9. dxe4 Ne5 10. Nbd2 Nxf3+ 11. Qxf3 e5 12. Nc4 Qc7 13. Rd1 Be7 14. Qg3 Nd7 15. g5 hxg5 16. Bxg5 Bxg5 17. Qxg5 O-O {Maltsevskaya,A (2393)-Yurukova,G (1578) FIDE Online Arena INT 2024 1-0}) 3... Nd7 4. e4 dxe4 5. dxe4 e5 6. Be3 Ngf6 7. Nbd2 Bc5 8. Qe2 Bxe3 9. Qxe3 Qe7 10. Nb3 a5 11. a4 O-O 12. Bd3 Rd8 13. O-O Nf8 14. Rfd1 Ng6 15. c3 h6 16. Bf1 Be6 17. Nc5 Rdb8 18. Nxe6 Qxe6 19. Nd2 Rd8 20. Nc4 Qe7 21. Rxd8+ Qxd8 22. g3 Nh7 23. Be2 Ng5 24. h4 Ne6 25. h5 Ngf4 26. gxf4 exf4 27. Qh3 b5 28. axb5 cxb5 29. Ne5 Qd2 30. Nxf7 Kxf7 31. Qf5+ Ke7 32. Bg4 Ng5 33. Rd1 Nh3+ 34. Kh2 Qxf2+ 35. Kh1 1-0

[Event "Speed Chess Super Swiss"]
[Site "Chess.com INT"]
[Date "2021.10.16"]
[Round "7"]
[White "Shimanov, Aleksandr"]
[Black "Martinez Alcantara, Jose Eduardo"]
[Result "1-0"]
[WhiteElo "2581"]
[BlackElo "2620"]
[PlyCount "91"]
[EventDate "2021.10.16"]
[EventType "swiss (blitz)"]
[EventRounds "15"]
[EventCountry "USA"]
[SourceTitle "CBM 204 Extra"]
[Source "ChessBase"]
[SourceDate "2022.09.12"]
[SourceVersion "1"]
[SourceVersionDate "2022.09.12"]
[SourceQuality "1"]

1. b3 Nf6 2. Bb2 e6 3. Nf3 Be7 4. g4 O-O 5. g5 Ne8 ({RR} 5... Ne4 6. h4 d5 7. d3 Nd6 8. e4 c5 9. Nbd2 Nc6 10. Bg2 d4 11. e5 Nf5 12. Kf1 Rb8 13. Ne4 b5 14. Bc1 c4 15. Nh2 Kh8 16. Ng4 Nb4 17. Ngf6 Nd5 18. Qh5 gxf6 19. gxf6 Bxf6 20. exf6 {Salgado Lopez,I (2599)-Finek,V (2478) Prague CZE 2025 1-0 (49)}) 6. h4 d6 ({RR} 6... b6 7. c4 Bb7 8. Nc3 d5 9. cxd5 exd5 10. d4 c5 11. e3 Nc6 12. Bg2 Nc7 13. dxc5 bxc5 14. O-O Qd7 15. Ne2 Rfd8 16. Ng3 Ne6 17. Nh5 d4 18. exd4 Ncxd4 19. Bxd4 cxd4 20. Ne5 Qc7 21. Bxb7 {Nakamura,H (2736)-Lysyj,I (2603) Chess.com INT 2021 1-0 (45)}) 7. d4 $146 ({RR} 7. e3 e5 8. Rg1 Nc6 9. d4 exd4 10. Nxd4 Nxd4 11. Qxd4 c5 12. Qf4 d5 13. Nd2 Bd6 14. Qf3 Be6 15. O-O-O Qa5 16. Kb1 b5 17. e4 d4 18. e5 Bxe5 19. Qxa8 c4 20. bxc4 Nd6 21. Nb3 Qb4 {Zierk,S (2488)-Zia,T (2232) Chess.com INT 2021 1-0}) 7... a5 8. a4 Nc6 9. e3 d5 10. Nbd2 Nd6 11. c3 b6 12. Bd3 Ba6 13. Bxa6 Rxa6 14. Qe2 Ra8 15. Rg1 Re8 16. h5 Bf8 17. c4 Nb4 18. Kf1 Nc6 19. Rc1 Qd7 20. Rg2 Rad8 21. Kg1 Nf5 22. Qd3 Nb4 23. Qb1 c5 24. Ne5 Qb7 25. Ndf3 dxc4 26. bxc4 cxd4 27. exd4 Bd6 28. d5 Bc5 29. g6 fxg6 30. hxg6 h6 31. Nf7 Rc8 32. N3e5 Qe7 33. Qe4 Qh4 34. Qxh4 Nxh4 35. d6 Nxg2 36. Kxg2 Ra8 37. d7 Rf8 38. Rd1 Be7 39. Bc3 Bf6 40. Bd4 Rab8 41. c5 b5 42. c6 Nd5 43. Bc5 b4 44. Bxf8 Kxf8 45. Rxd5 Bd8 46. Nxd8 1-0

[Event "Speed Chess Super Swiss"]
[Site "Chess.com INT"]
[Date "2021.10.16"]
[Round "8"]
[White "Yakubboev, Nodirbek"]
[Black "Vokhidov, Shamsiddin"]
[Result "1-0"]
[WhiteElo "2621"]
[BlackElo "2521"]
[PlyCount "81"]
[EventDate "2021.10.16"]
[EventType "swiss (blitz)"]
[EventRounds "15"]
[EventCountry "USA"]
[SourceTitle "CBM 204 Extra"]
[Source "ChessBase"]
[SourceDate "2022.09.12"]
[SourceVersion "1"]
[SourceVersionDate "2022.09.12"]
[SourceQuality "1"]

1. Nf3 c5 2. b3 d5 3. Bb2 Nf6 4. e3 Nc6 5. Bb5 Bd7 6. O-O e6 7. d4 cxd4 8. exd4 Bd6 ({RR} 8... Be7 9. Re1 O-O 10. Nbd2 Qa5 11. Bf1 Ba3 12. Qc1 Bxb2 13. Qxb2 Rac8 14. a3 Ne7 15. c4 dxc4 16. bxc4 Qc7 17. Ne5 Rfd8 18. Ndf3 Be8 19. a4 Nc6 20. Nxc6 Bxc6 21. Ne5 Nd7 22. Nxc6 bxc6 23. a5 {Bareev,E (2643)-Anand,V (2756) Amsterdam 2019 0-1 (58)}) 9. a3 ({RR} 9. Bxc6 Bxc6 10. Ne5 O-O 11. Nd2 Nd7 12. Ndf3 f6 13. Nxc6 bxc6 14. Qe2 Qe7 15. Rae1 Rae8 16. c4 Bb4 17. Rd1 Qd8 18. a3 Bd6 19. cxd5 cxd5 20. Rfe1 Kh8 21. Qa6 Qb6 22. Qa4 Re7 23. b4 g5 {Jammalamadaka,V (1858)-Mikaelyan,A (2497) chess.com INT 2025 1-0 (64)}) 9... O-O 10. Nbd2 ({RR} 10. Bd3 Rc8 11. Qe2 Ne7 12. Ne5 Nf5 13. Nd2 Be7 14. Rae1 Nd6 15. g4 Bc6 16. f3 Nd7 17. f4 Bh4 18. Rc1 h6 19. Nxc6 bxc6 20. Nf3 Be7 21. Kh1 c5 22. dxc5 Nxc5 23. g5 Nxd3 24. cxd3 Rxc1 {Anton Guijarro,D (2685)-Vokhidov,S (2526) Moscow 2019 ½-½ (56)}) 10... Ne7 $146 ({RR} 10... Ne4 11. Bd3 f5 12. Ne5 Nxe5 13. dxe5 Bc5 14. b4 Bb6 15. c4 Ba4 16. Qxa4 Nxd2 17. Rfd1 Ne4 18. Bxe4 fxe4 19. Bd4 Bxd4 20. Rxd4 Qg5 21. cxd5 Qxe5 22. Rad1 e3 23. fxe3 Qxe3+ 24. Kh1 e5 25. Rc4 {Blanco Diez,D (2298)-Hajiyev,K (2124) chess.com INT 2023 0-1}) 11. Bd3 Bc6 12. Re1 Rc8 13. Ne5 Ng6 14. g3 Qc7 15. Nxc6 bxc6 16. c4 Rb8 17. c5 Be7 18. b4 Nd7 19. Bc3 Bf6 20. Qh5 Rfe8 21. f4 Ngf8 22. Rab1 g6 23. Qe2 Bg7 24. Nf3 f5 25. Qc2 Nf6 26. b5 Ne4 27. bxc6 Qxc6 28. Ba5 Nd7 29. Kg2 Qc8 30. Rb4 Rxb4 31. axb4 h6 32. c6 Nb6 33. c7 Nd6 34. Bxb6 axb6 35. Qc6 Bf8 36. Qxb6 Qa8 37. Ba6 Nc8 38. Bxc8 Qxc8 39. b5 Qd7 40. Ne5 Qc8 41. Qc6 1-0

[Event "Speed Chess Super Swiss"]
[Site "Chess.com INT"]
[Date "2021.10.16"]
[Round "9"]
[White "Erigaisi, Arjun Kumar"]
[Black "Tristan, Leonardo"]
[Result "1-0"]
[WhiteElo "2634"]
[BlackElo "2535"]
[PlyCount "67"]
[EventDate "2021.10.16"]
[EventType "swiss (blitz)"]
[EventRounds "15"]
[EventCountry "USA"]
[SourceTitle "CBM 204 Extra"]
[Source "ChessBase"]
[SourceDate "2022.09.12"]
[SourceVersion "1"]
[SourceVersionDate "2022.09.12"]
[SourceQuality "1"]

1. Nf3 d5 2. g3 Nd7 3. Bg2 e5 4. d3 Ngf6 5. O-O Bd6 6. Nc3 O-O 7. e4 dxe4 ({RR} 7... d4 8. Ne2 a5 9. a4 Re8 10. Bh3 Ra6 11. Nd2 c6 12. Nc4 Bc7 13. f4 b5 14. fxe5 Nxe5 15. Bxc8 Qxc8 16. Nxe5 Bxe5 17. Nf4 Qd7 18. Qf3 Bc7 19. Kg2 Ng4 20. h3 Ne5 21. Qh5 bxa4 22. Rxa4 {Dowgird,F (2348)-Abdusattorov,N (2773) chess.com INT 2025 ½-½ (56)}) 8. Nxe4 Nxe4 9. dxe4 Qe7 $146 ({RR} 9... Nc5 10. Nd2 Be6 11. Qe2 Qd7 12. Re1 Bg4 13. f3 Be6 14. Nc4 Qc6 15. Nxd6 cxd6 16. Be3 Na4 17. c3 d5 18. exd5 Bxd5 19. Red1 a6 20. Rd2 Rac8 21. f4 Bxg2 22. Qxg2 Qb5 23. fxe5 Qxe5 24. Bd4 {Sattarov,B (2194)-Lalith,B (2579) New Delhi 2014 ½-½ (89)}) 10. Qe2 c6 11. Nh4 g6 12. Rd1 Nc5 13. Be3 Ne6 14. c3 a5 15. a4 Bc5 16. Rd2 b6 17. Rad1 Ba6 18. Qf3 Rfd8 19. Nf5 gxf5 20. exf5 Bxe3 21. fxe3 Rxd2 22. Rxd2 Rd8 23. Rxd8+ Nxd8 24. f6 Qd7 25. Qh5 Qd2 26. Qg5+ Kf8 27. h4 Qd6 28. h5 Ne6 29. Qh6+ Kg8 30. Be4 Qd1+ 31. Kh2 Qe2+ 32. Kh3 Qf1+ 33. Kh4 Nf8 34. Qg7# 1-0

[Event "Speed Chess Super Swiss"]
[Site "Chess.com INT"]
[Date "2021.10.16"]
[Round "9"]
[White "Sviridov, Valery"]
[Black "Sarana, Alexey"]
[Result "1-0"]
[WhiteElo "2562"]
[BlackElo "2649"]
[PlyCount "87"]
[EventDate "2021.10.16"]
[EventType "swiss (blitz)"]
[EventRounds "15"]
[EventCountry "USA"]
[SourceTitle "CBM 204 Extra"]
[Source "ChessBase"]
[SourceDate "2022.09.12"]
[SourceVersion "1"]
[SourceVersionDate "2022.09.12"]
[SourceQuality "1"]

1. Nf3 d5 2. g3 Nf6 3. Bg2 g6 4. O-O Bg7 5. d3 O-O 6. Nbd2 Nc6 7. Re1 e5 8. e4 h6 9. exd5 Nxd5 10. Nc4 Re8 11. c3 ({RR} 11. a4 a5 12. Nfd2 Ndb4 13. Ne4 b6 14. Bf1 Bb7 15. c3 Nd5 16. Qb3 Kh7 17. Bg2 Nf6 18. Nc5 Nd4 19. Nxb7 Nxb3 20. Nxd8 Nxa1 21. Nxf7 Rab8 22. Nfxe5 Nb3 23. d4 Ng4 24. f4 Nxe5 25. fxe5 Nxc1 {Sai,K (2409)-Carrasco Miranda,A (2191) chess.com INT 2024 1-0 (45)}) ({RR} 11. Bd2 Nb6 12. Nxb6 axb6 13. Bc3 Qd6 14. Nd2 Be6 15. Nc4 Qc5 16. Nd2 Rad8 17. a4 Nd4 18. a5 c6 19. Ne4 Qb5 20. b3 f5 21. Nd2 Bf7 22. axb6 e4 23. Nc4 Bxc4 24. bxc4 Qc5 25. Kh1 exd3 {Tasdogen,D (2301)-Sarana,A (2649) Chess.com INT 2021 0-1 (46)}) 11... Nb6 $146 ({RR} 11... Bf5 12. Nh4 Be6 13. Nf3 f6 14. Ne3 Nde7 15. d4 e4 16. Nd2 f5 17. f3 exf3 18. Nxf3 Qd7 19. Qd3 g5 20. h4 g4 21. Nh2 Rad8 22. Bd2 Kh8 23. Rf1 Ne5 24. Qe2 c5 25. Rad1 cxd4 26. cxd4 {Ansell,S (2399)-Peralta,F (2478) Port Erin 2002 0-1 (66)}) 12. Ne3 Be6 13. a4 a5 14. Qc2 f5 15. Nd2 Qd7 16. Nb3 Qd6 17. Rd1 Rad8 18. d4 exd4 19. Nxd4 Nxd4 20. cxd4 c6 21. Bd2 Ra8 22. Bc3 Nd5 23. Nc4 Qc7 24. Ne5 Kh7 25. Re1 Nf6 26. h4 Bd5 27. Bxd5 cxd5 28. Qd3 Ne4 29. Rac1 h5 30. Qb5 Bxe5 31. dxe5 Qc6 32. Bd4 Qxb5 33. Rc7+ Kg8 34. axb5 Nd2 35. Kg2 Nb3 36. Rd1 Nxd4 37. Rxd4 Rxe5 38. Rxb7 a4 39. b6 a3 40. bxa3 Rxa3 41. Rc7 Rb3 42. b7 Kf8 43. Ra4 Re8 44. Ra8 1-0

[Event "Speed Chess Super Swiss"]
[Site "Chess.com INT"]
[Date "2021.10.16"]
[Round "11"]
[White "Shimanov, Aleksandr"]
[Black "Le, Tuan Minh"]
[Result "1-0"]
[WhiteElo "2581"]
[BlackElo "2514"]
[PlyCount "79"]
[EventDate "2021.10.16"]
[EventType "swiss (blitz)"]
[EventRounds "15"]
[EventCountry "USA"]
[SourceTitle "CBM 204 Extra"]
[Source "ChessBase"]
[SourceDate "2022.09.12"]
[SourceVersion "1"]
[SourceVersionDate "2022.09.12"]
[SourceQuality "1"]

1. b3 d5 2. Bb2 Nf6 3. Nf3 Bg4 4. e3 e6 5. h3 Bh5 6. g4 Bg6 7. g5 Nfd7 ({RR} 7... Ne4 8. h4 Bh5 9. Be2 Nd7 10. d3 Nd6 11. Nbd2 c5 12. Ne5 Bxe2 13. Qxe2 Nxe5 14. Bxe5 Qa5 15. h5 O-O-O 16. a3 Be7 17. b4 Qc7 18. bxc5 Qxc5 19. Nb3 Qb6 20. Bd4 Qa6 21. Rg1 Nf5 22. Bb2 {Ajay,K (2386)-Kiseleva,A (1955) chess.com INT 2025 1-0 (59)}) 8. h4 h5 9. d4 c5 10. dxc5 $146 ({RR} 10. Bd3 Bxd3 11. Qxd3 Nc6 12. a3 Qb6 13. Nbd2 c4 14. Qe2 cxb3 15. c4 Be7 16. cxd5 exd5 17. e4 O-O 18. exd5 Na5 19. Kf1 Rfe8 20. Qd3 Rad8 21. Rh3 Nf8 22. Ne5 Rxd5 23. Qf3 Qe6 24. Re1 Nc6 {Grigoryan,K (2579)-Niemann,H (2688) Chartres FRA 2024 0-1 (56)}) 10... Nc6 11. Bb5 Qa5+ 12. Nc3 Bxc5 13. a3 Be7 14. Nd4 Rc8 15. Nxc6 bxc6 16. Bd3 Ne5 17. b4 Qc7 18. Ne2 Nxd3+ 19. cxd3 e5 20. Rc1 O-O 21. d4 a5 22. dxe5 axb4 23. axb4 Bxb4+ 24. Kf1 Be4 25. Rg1 Qd7 26. Nf4 g6 27. e6 fxe6 28. Qd4 e5 29. Qxe5 Qh7 30. Qe6+ Qf7 31. Qe5 Kh7 32. Rg3 Rce8 33. Qf6 Qd7 34. Qxc6 Qxc6 35. Rxc6 Rf7 36. Bd4 Ra8 37. Nxh5 Rfa7 38. Nf6+ Kg7 39. Nxe4+ Kf7 40. Bxa7 1-0